Une ville, un pays (lettre M) - Statistiques

Statistiques générales
  • Ce quiz a été pris 132 fois
  • Le résultat moyen est 15 sur 24
Statistiques - réponses
Hint Réponse % Correct
Malaga Espagne
98%
Montréal Canada
96%
Marrakech Maroc
96%
Melbourne Australie
95%
Minneapolis Etats-Unis
95%
Medellín Colombie
88%
Malmö Suède
84%
Mayence Allemagne
82%
Monterrey Mexique
82%
Manaus Brésil
77%
Mossoul Irak
72%
Mendoza Argentine
67%
Messine Italie
64%
Mostaganem Algérie
63%
Medan Indonésie
54%
Malacca Malaisie
50%
Mombasa Kenya
43%
Maribor Slovénie
38%
Mostar Bosnie-Herzégovine
33%
Misrata Libye
33%
Mazâr-e Charîf Afghanistan
32%
Montego Bay Jamaïque
24%
Mandalay Birmanie
22%
Mopti Mali
21%
Aucun quiz correspondant
Distribution des résultats
% des personnes avec chaque résultat
Percentile par nombre de réponses
Votre historique - résultats
Vous n’avez pas pris ce quiz